|
|
|
|
| LEADER |
00000nab a2200000 a 4500 |
| 001 |
vtls001019330 |
| 003 |
SK-MaSNL |
| 005 |
20260303035109.0 |
| 008 |
040720e19980711xo 0 slo |
| 035 |
|
|
|a SN5259
|
| 040 |
|
|
|a SNSK
|b slo
|c SNSK
|e AACR2
|
| 041 |
0 |
|
|a slo
|
| 044 |
|
|
|a xo
|c SK
|
| 080 |
|
|
|a 339.1
|2 1981
|
| 100 |
0 |
|
|a (-kim-)
|4 aut
|9 1021393
|
| 245 |
1 |
0 |
|a Výstavné trhy na Spiši lákajú najmä mladých ľudí
|
| 610 |
2 |
7 |
|a Spiš-Wiew-Trading (Spišská Nová Ves, Slovensko)
|2 SNSK
|9 1021308
|
| 650 |
0 |
7 |
|a trhy predajno-kontraktačné
|2 SNSK
|9 1020319
|
| 650 |
0 |
7 |
|a ročník 31.
|2 SNSK
|9 886873
|
| 650 |
0 |
7 |
|a informácie
|2 SNSK
|9 1285
|
| 651 |
|
7 |
|a Spišská Nová Ves (Slovensko)
|2 SNSK
|9 28800
|
| 651 |
|
7 |
|a SN,
|2 SNSK
|9 1021277
|
| 655 |
|
7 |
|a periodikum
|2 snkbucl
|9 29553
|
| 710 |
2 |
|
|a Spišské výstavné trhy, Spišská Nová Ves
|4 aut
|9 1021312
|
| 773 |
0 |
8 |
|t Sme
|g Roč. 6, č.159, 11.7.1998
|
| 852 |
|
|
|a ZVYKNI
|b KIS3GCP
|
| 999 |
|
|
|c 1676049
|d 1677979
|